000 00862nam a2200229Ia 4500
003 OSt
005 20250505113034.0
008 191128s2009 sp er 000 f spa d
020 _a9788423694211
040 _aCO-JMCR
_cCO-JMCR
041 _aspa
082 _aA-N
_bVALs
100 _aVallejo, Susana,
_eautora
_910238
245 1 0 _aSwitch in the red /
_cSusana Vallejo
250 _aPrimera edición
260 _aBarcelona :
_bEdebé,
_c2009
300 _a348 páginas :
_bilustraciones a blanco y negro ;
_c 24 cm.
500 _aIncluye datos biográficos de la autora en la solapa
520 _aBarcelona, finales del siglo XXI. Un asesinato en primera persona abre el telón a una obra coral por la que desfilan rebeldes antisistema, hackers, policías, políticos y trabajadores explotados.
650 1 4 _aNovela española
_910239
942 _2ddc
_cBK
999 _c4495
_d4495